maimai高難易度オリジナル曲TOP100 - Statistics

General Stats
  • This quiz has been taken 28 times
    24 since last reset
  • The average score is 39 of 111
Answer Stats
譜面定数 曲名 % Correct
14.9 World's end loneliness
100%
14.7 | 15.0[Re:] 系ぎて
86%
14.9 | 15.0[Re:] PANDORA PARADOXXX
86%
14.8 | 14.9[Re:] QZKago Requiem
86%
14.5 Sage
86%
14.8 | 14.9[Re:] the EmpErroR
86%
14.9 World's end BLACKBOX
86%
14.9 宙天
71%
14.7 雨露霜雪
71%
14.8 封焔の135秒
71%
14.8[Re:] Garakuta Doll Play
71%
14.8 larva
71%
14.9 Latent Kingdom
71%
14.9 raputa
71%
14.9 sølips
71%
14.7 TEmPTaTiON
71%
14.9 | 15.0[Re:] Xaleid◆scopiX
71%
14.9 躯樹の墓守
57%
14.6 | 14.7[Re:] ガラテアの螺旋
57%
14.6 超熊猫的周遊記(ワンダーパンダートラベラー)
57%
14.8 Excalibur ~Revived Resolution~
57%
14.8 Glorious Crown
57%
14.5 Oshama Scramble!
57%
14.8 Our Wrenally
57%
14.8 SILENT BLUE
57%
14.7 Valsqotch
57%
14.7 VERTeX
57%
14.8 WiPE OUT MEMORIES
57%
14.8 チューリングの跡
43%
14.8 氷滅の135小節
43%
14.4 7thSense
43%
14.5[Re:] | 14.7 AMAZING MIGHTYYYY!!!!
43%
14.8 Heavenly Blast
43%
14.6 | 14.8[Re:] 雷切-RAIKIRI-
43%
14.7 Regulus
43%
14.7 ΚΗΥΜΞΧΛ‬
29%
14.4 | 14.6 ジングルベル
29%
14.5 アポカリプスに反逆の焔を焚べろ
29%
14.4 ≠彡"/了→
29%
14.9 7 wonders
29%
14.4 | 14.8[Re:] Alea jacta est!
29%
14.6 Åntinomiε
29%
14.6 BLACK SWAN
29%
14.6 BREaK! BREaK! BREaK!
29%
14.8 FLΛME/FRΦST
29%
14.6[Re:] Fragrance
29%
14.6 IF:U
29%
14.7 Lia=Fail
29%
14.9[Re:] Schwarzschild
29%
14.4 Trick tear
29%
14.5 | 14.7 VIIIbit Explorer
29%
14.6 ViRTUS
29%
14.7 康莊大道
14%
14.6 渦状銀河のシンフォニエッタ
14%
14.5 ねぇ、壊れタ人形ハ何処へ棄テらレるノ?
14%
14.4[Re:] バーチャルダム ネーション
14%
14.6 AMABIE
14%
14.4 ARAIS
14%
14.4 有明/Ariake
14%
14.7 ATLAS RUSH
14%
14.5 Axeria
14%
14.5 BIRTH
14%
14.5 CITRUS MONSTER
14%
14.4 Contrapasso -paradiso-
14%
14.7 Cryptarithm
14%
14.4 Deicide
14%
14.5[Re:] Dragoon
14%
14.8 False Amber
14%
14.5[Re:] FFT
14%
14.7 GIGANTØMAKHIA
14%
14.4 Moon of Noon
14%
14.6 mystique as iris
14%
14.4 MYTHOS
14%
14.4 Panopticon
14%
14.4 #狂った民族2 PRAVARGYAZOOQA
14%
14.6 Prophesy One
14%
14.4 QuiQ
14%
14.5 Raven Emperor
14%
14.4[Re:] Revive The Rave
14%
14.5 RondeauX of RagnaroQ
14%
14.7 Sky Trails
14%
14.5 Sqlupp (Camellia's "Sqleipd*Hiytex" Remix)
14%
14.8 Straight into the lights
14%
14.5 Strive against fate
14%
14.4 System "Z"
14%
14.4 UniTas
14%
14.8 VeRForTe αRtE:VEiN
14%
14.6 Yorugao
14%
14.4 華天月兎
0%
14.4 ほしぞらスペクタクル
0%
14.5[Re:] Beat of getting entangled
0%
14.5 Bloody Trail
0%
14.8 Customized Justice
0%
14.8 Divide et impera!
0%
14.4 Energizing Flame
0%
14.6 Get U ♭ack
0%
14.8 ℝ∈Χ LUNATiCA
0%
14.7 Metamorphosism
0%
14.4 Rising on the horizon
0%
14.6 VERTeX (rintaro soma deconstructed remix)
0%
No matching quizzes found
Score Distribution
Percent of People with Each Score
Percentile by Number Answered
Your Score History
You have not taken this quiz since the last reset